| 000 | 00762nam a22001217a 4500 | ||
|---|---|---|---|
| 040 | _cRUA | ||
| 082 | _aAGR SEA 2015 B521 Or. | ||
| 100 | _aSEANG DAROTH; ស៊ាង ដារ៉ូត | ||
| 245 | _aEffect of different rate of urea fertilizer on green mustard ( brassica juncea) at crop station in the Roayl University of Agriculture; ឥទ្ធិពលកម្រិតជីគីមីខុសៗគ្នាលើដំណាំស្ពៃខៀវនៅស្ថានីយ៍ពីសោធន៍ដំណាំនៃសាកលវិទ្យាល័យភូមិន្ទកសិកម្ម | ||
| 300 |
_avii; 40p; _bill; _c29cm; |
||
| 856 | _uhttps://drive.google.com/file/d/1OtxNHpWdcwJnaZ_DapHVJhq_nbGVRzs1/view?usp=sharing | ||
| 942 | _cAGR | ||
| 999 |
_c10729 _d10729 |
||